| 000 | 00980nam a2200289 i 4500 | ||
|---|---|---|---|
| 001 | bg | ||
| 100 | 1 | _aKANIGOWSKI, Krzysztof | |
| 245 | 1 | 0 |
_aBank hipoteczny a rynek nieruchomości / _cKrzysztof Kanigowski. |
| 260 |
_aWarszawa : _b"Twigger", _c2001. |
||
| 300 |
_a259, [1], XIV s. : _bil. ; _c21 cm. |
||
| 490 | 1 | _aBiblioteka Bankowca | |
| 504 | _aBibliogr. | ||
| 505 | _aZawiera także teksty aktów prawnych. | ||
| 650 | 9 |
_aBanki hipoteczne _zPolska _yod 1989 r. |
|
| 650 | 9 |
_aKredyt hipoteczny _zPolska _y18-20 w. |
|
| 650 | 9 |
_aNieruchomości _xhandel _zEuropa _yod 1945 r. |
|
| 650 | 9 |
_aTowarzystwa kredytowe miejskie _zPolska _y18-20 w. |
|
| 830 | _aBiblioteka Bankowca | ||
| 020 | _a8385946896 | ||
| 040 | _cBPK | ||
| 041 | 0 | _apl | |
| 080 | _a336.71+336.77:347.2](438)"18/19":332.7(4)"1945/..." | ||
| 920 | _a83-85946-89-6 | ||
| 942 | _cKS | ||
| 008 | s pl f |000 0 pol | ||
| 999 |
_c40051 _d40051 |
||
| 856 |
_uhttp://koha.tu.koszalin.pl/cgi-bin/koha/opac-detail.pl?biblionumber=40051 _yKatalog online BPK |
||